English Language Dictionary

Salvato in:
Dettagli Bibliografici
Natura: Libro
Lingua:inglese
Pubblicazione: London Collins Publ. 1992
Edizione:1. ed.
Soggetti:
Tags: Aggiungi Tag
Nessun Tag, puoi essere il primo ad aggiungerne!!

MARC

LEADER 00000nam a2200000 4500
001 c001755
005 20221221080122.9
020 |a 0-00-370023-2 
041 0 |a eng 
044 |a GB 
245 1 0 |a English Language Dictionary 
250 |a 1. ed. 
264 1 |a London  |b Collins Publ.  |c 1992 
300 |a 1703 s. 
610 2 0 |a jazykoveda 
610 2 0 |a pojmy 
610 2 0 |a angličtina 
610 2 0 |a terminológia